| Registos Bibliográficos associados ao registo de autoridade |
|
Etiqueta de registo: 00000ckm 2200025 450 001 1889317 003 http://id.bnportugal.gov.pt/bib/catbnp/1889317 100 ## $a20141120d1962----me-y0pory01030103ba 101 0# $apor 102 ## $aPT 200 1# $aVila Franca de Xira$bVisual gráfico]$eDomingo 4 de Novembro de 1962 ...$e um caso inédito na tauromaquia portuguesa, um matador de toiros, José Júlio, que
lidará 6 toiros ...$f[design grafico] Arte - Madrid 210 #9 $aVila Franca de Xira$cEmpresa Álvaro Guerra,$d[1962]$eLisboa :$gTip. Costa Sanches) 215 ## $a1 cartaz$ccolor.$d80x37 cm 304 ## $aAssinatura ilegível do autor da ilustração 305 ## $aUtilização de Imagem previamente executada em Espanha, pela firma "Arte - Madrid" 306 ## $aData provável, em correspondência com a do evento anunciado 316 ## $aContém dedicatória "a um grande amigo...", de José Júlio, a tinta azul de esferográfica
azul$5PTBN: CT. 5333 R. 316 ## $aApresenta ligeira falha de papel no canto superior esq.º, mas sem prejuízo da letra
nem da representação$5PTBN: CT. 5333 R. 317 ## $aBiblioteca Alberto de Lacerda$5PTBN: CT. 5333 R. 330 ## $aCartaz de anúncio de espetáculo tauromáquico, tendo no registo superior uma reprodução
fotomecânica de desenho colorido ilustrativo de uma cena de toureio a pé 545 1# $a Um caso inédito na tauromaquia portuguesa, um matador de toiros, José Júlio, que
lidará 6 toiros ... 675 ## $a766(=1:469)»1962»(084.5)$vBN$zpor$31616587 675 ## $a791.8(469.411Vila Franca de Xira)»196»(084.5)$vBN$zpor$31616588 675 ## $a791.8Júlio, José(084.5)$vBN$zpor$31612706 712 02 $aEmpresa Álvaro Guerra$4650$31616589 712 02 $aArte - Madrid$4410$31616590 712 02 $aTipografia de Costa Sanches$c(Lisboa)$4610$31290550 801 #0 $aPT$bBN$gRPC 966 ## $lBN$mICONOG$pBiblioteca Alberto de Lacerda$sCT. 5333 R.$x3
Etiqueta de registo: 00000ckm 2200025 450 001 1889015 003 http://id.bnportugal.gov.pt/bib/catbnp/1889015 101 0# $apor 102 ## $aPT 200 1# $aVila Franca de Xira$bVisual gráfico]$eDomingo 4 de Novembro ...$e um caso inédito na tauromaquia portuguesa, um matador de toiros, José Júlio, que
lidará 6 toiros Palha ...$f[ilustr. de] Saavedra 210 #9 $aVila Franca de Xira$cEmpresa Álvaro Guerra,$d[1962]$eLisboa :$gTip. Costa Sanches) 215 ## $a1 cartaz$ccolor.$d70x33 cm 305 ## $aUtilização de Imagem previamente executada em Madrid (menção de "depósito legal M
. 3005 - 1959), pela firma "Imp. y Lit. Velasco (Torerias) - Madrid" 306 ## $aData provável, em correspondência com a do evento anunciado 316 ## $aContém dedicatória autógrafa a tinta de esferográfica azul escura, "Para o amigo e
distinto poeta Alberto de Lacerda com todo o afecto do José Júlio"$5PTBN: CT. 12761 A. 317 ## $aBiblioteca Alberto de Lacerda$5PTBN: CT. 12761 A. 330 ## $aCartaz de anúncio de espetáculo tauromáquico, tendo no registo superior uma reprodução
fotomecânica de pintura a óleo sobre tela, ilustrativa de uma cena de toureio a pé,
em cuja margem inferior se pode ver a assinatura de Saavedra 675 ## $a791.8(469.411)"1962"(084.5)$vBN$zpor$31616643 675 ## $a791.8Júlio, José(084.5)$vBN$zpor$31612706 675 ## $a766(=1:469)"196"(084.5)$vBN$zpor$3952606 702 #1 $aSaavedra,$bSantos,$f1903-1997$4040$31616726 712 02 $aEmpresa Álvaro Guerra$4650$31616589 712 02 $aImp. y Lit. Velasco$c(Torerias)$4510$31616727 712 02 $aTipografia de Costa Sanches$c(Lisboa)$4610$31290550 801 #0 $aPT$bBN$gRPC 966 ## $lBN$mICONOG$pBiblioteca Alberto de Lacerda$sCT. 12761 A.$x3 997 ## $aBIBEOD
|
|
|